000 00310nam a2200133Ia 4500
008 240624s9999 xx 000 0 und d
041 _aeng
082 _a823 DIV
100 _aDIVAKARUNI CHITRA BANERJEE
245 _aPALACE OF ILLUSIONS
260 _c2009
_aUSA
_bPicador
300 _a384 : p.
365 _cRS
999 _c27681
_d27681